| 000 | 00996nam a2200289 i 4500 | ||
|---|---|---|---|
| 001 | 179319 | ||
| 003 | ES-MaACL | ||
| 005 | 20230921152621.0 | ||
| 008 | 111028s2010 sp abcf |||| |dspa d | ||
| 020 | _a978-84-9892-138-0 | ||
| 080 | _a94(5/6=411.21) | ||
| 100 | 1 |
_aRogan, Eugene L. _9148435 |
|
| 245 | 1 | 4 |
_aLos árabes _b: del Imperio otomano a la actualidad / _cEugene Rogan ; traducción castellana de Tomás Fernández Aúz y Beatriz Eguibar. |
| 250 | _a1ª ed. | ||
| 260 |
_aBarcelona : _bCrítica, _c2010. |
||
| 300 |
_a846 p., [24] p. de lám. col. y n., fot. : _bmapas ; _c24 cm. |
||
| 490 | 1 | _aSerie mayor | |
| 500 | _aÍndice. | ||
| 651 | 7 |
_aPaíses árabes- _xHistoria. _9148436 |
|
| 700 | 1 |
_aFernández Aúz, Tomás. _949489 |
|
| 700 | 1 |
_aEguibar, Beatriz. _946750 |
|
| 830 | 0 |
_aSerie mayor _9177793 |
|
| 852 |
_aES-MaACL _9186206 _bR.146683 _jA-11682 _dOlim: N-4687 _cDEPO1 |
||
| 942 |
_2udc _cMONOGRAFIA |
||
| 999 |
_c179319 _d179319 |
||